Antitrust law and economics in a nutshell / (Record no. 7847)

MARC details
000 -LEADER
fixed length control field 01400cam a22003372 4500
001 - CONTROL NUMBER
control field 0000009243
005 - DATE AND TIME OF LATEST TRANSACTION
control field 20151217152052.0
008 - FIXED-LENGTH DATA ELEMENTS--GENERAL INFORMATION
fixed length control field 080915s xx 000 0 eng d
020 ## - INTERNATIONAL STANDARD BOOK NUMBER
International Standard Book Number 0314257233 :
Terms of availability KES 4400
040 ## - CATALOGING SOURCE
Original cataloging agency KABU
Transcribing agency KABU
100 1# - MAIN ENTRY--PERSONAL NAME
Personal name Gellhorn, Ernest.
-- 0000160372
245 10 - TITLE STATEMENT
Title Antitrust law and economics in a nutshell /
Statement of responsibility, etc. Ernest Gellhorn, William E. Kovacic, Stephen Calkins.
250 ## - EDITION STATEMENT
Edition statement 5th ed.
260 ## - PUBLICATION, DISTRIBUTION, ETC. (IMPRINT)
Place of publication, distribution, etc. St. Paul, MN. :
Name of publisher, distributor, etc. West publishing,
Date of publication, distribution, etc. 2004.
300 ## - PHYSICAL DESCRIPTION
Extent xlvii, 617 p.
650 #0 - SUBJECT ADDED ENTRY--TOPICAL TERM
Topical term or geographic name as entry element Antitrust law
Geographic subdivision United States.
-- 0000160373
650 #0 - SUBJECT ADDED ENTRY--TOPICAL TERM
Topical term or geographic name as entry element Antitrust law
General subdivision Economic aspects
Geographic subdivision United States.
-- 0000160374
700 1# - ADDED ENTRY--PERSONAL NAME
Personal name Kovacic, William E.
-- 0000160375
700 1# - ADDED ENTRY--PERSONAL NAME
Personal name Calkins, Stephen.
-- 0000160376
852 1# - LOCATION
-- p4060 KES
852 1# - LOCATION
-- p4060 KES
852 1# - LOCATION
-- p4060 KES
852 1# - LOCATION
-- p4060 KES
852 1# - LOCATION
-- p2920.70 KES
852 1# - LOCATION
-- p2920.70 KES
852 1# - LOCATION
-- p2920.70 KES
908 ## - PUT COMMAND PARAMETER (RLIN)
Put command parameter 080915
950 ## - LOCAL HOLDINGS (RLIN)
-- 1
Holdings
Withdrawn status Lost status Source of classification or shelving scheme Not for loan Home library Current library Date acquired Total Checkouts Full call number Barcode Date last seen Price effective from Koha item type
    Library of Congress Classification   Kabarak, Main Campus Kabarak, Main Campus 17/12/2015   KF1652 .G45 2004 c. 1 009307 17/12/2015 17/12/2015 General Collection
    Library of Congress Classification   Kabarak, Main Campus Kabarak, Main Campus 17/12/2015   KF1652 .G45 2004 c. 2 009308 17/12/2015 17/12/2015 General Collection
    Library of Congress Classification   Kabarak, Main Campus Kabarak, Main Campus 17/12/2015   KF1652 .G45 2004 c. 3 19934 17/12/2015 17/12/2015 General Collection
    Library of Congress Classification   Kabarak, Main Campus Kabarak, Main Campus 17/12/2015   KF1652 .G45 2004 c. 4 19933 17/12/2015 17/12/2015 General Collection
    Library of Congress Classification   Kabarak, Main Campus Kabarak, Main Campus 17/12/2015   KF1652 .G45 2004 c. 5 19932 17/12/2015 17/12/2015 General Collection
    Library of Congress Classification   Kabarak, Main Campus Kabarak, Main Campus 17/12/2015   KF1652 .G45 2004 c. 7 19927 17/12/2015 17/12/2015 General Collection
    Library of Congress Classification   Kabarak, Main Campus Kabarak, Main Campus 17/12/2015   KF1652 .G45 2004 c. 8 013235 17/12/2015 17/12/2015 General Collection
    Library of Congress Classification   Kabarak, Main Campus Kabarak, Main Campus 17/12/2015   KF1652 .G45 2004 c. 9 013238 17/12/2015 17/12/2015 General Collection
    Library of Congress Classification   Kabarak, Main Campus Kabarak, Main Campus 17/12/2015   KF1652 .G45 2004 c. 10 013239 17/12/2015 17/12/2015 General Collection
    Library of Congress Classification   Kabarak, Main Campus Kabarak, Main Campus 17/12/2015   KF1652 .G45 2004 c. 6 19935 17/12/2015 17/12/2015 General Collection
    Library of Congress Classification   Kabarak, Main Campus Kabarak, Main Campus 17/12/2015   KF1652 .G45 2004 c. 11 020229 17/12/2015 17/12/2015 General Collection
    Library of Congress Classification   Kabarak, Main Campus Kabarak, Main Campus 17/12/2015   KF1652 .G45 2004 c. 12 020230 17/12/2015 17/12/2015 General Collection
    Library of Congress Classification   Kabarak, Main Campus Kabarak, Main Campus 17/12/2015   KF1652 .G45 2004 c. 13 020231 17/12/2015 17/12/2015 General Collection
    Library of Congress Classification   Kabarak, Main Campus Kabarak, Main Campus 17/12/2015   KF1652 .G45 2004 c. 14 020232 17/12/2015 17/12/2015 General Collection
    Library of Congress Classification   Kabarak, Main Campus Kabarak, Main Campus 17/12/2015   KF1652 .G45 2004 c. 15 020228 17/12/2015 17/12/2015 General Collection
Designed with assistance from East African Informatics Ltd